Quizzes
Events
Quiz Creation
Community
Videos
Private Events
Remove Ads
Sign In
Join for FREE
Feedback
Dark Mode
Quiz Categories
Sports
Geography
Music
Movies
Television
Just For Fun
Miscellaneous
History
Literature
Language
Science
Gaming
Entertainment
Religion
Holiday
For Kids
Quiz Lab
Recent
Popular Today
Quiz Kudos Today
Editor Picks
Curator Picks
Quizzes by...
Day
Popularity
Type
Ratings
Length
Year
Community
Subscriptions
Recent Discussions
Orange Saloon
Badges
Playlists
Quests
Create
Leaderboards
Showdown
Live 5
Trivia Bingo
Activity
Puzzle Library
Sporcle Events
Private Events
Virtual Trivia
Globe League
Become a Host
Pub Owners
SporcleCon
Opinionation
Our Games
Videos
Blog
Mobile Apps
Partnerships
Remove Ads and Go Orange
Feedback
Sports
Athletes
MLB
NBA
NHL
NFL
Soccer
Sports Teams
WWE
NCAA
Football
Premier League
Basketball
Baseball
Hockey
Golf
Tennis
Cricket
Rugby
Auto Racing
Olympics
World Cup
Sports
Athletes
MLB
NBA
NHL
NFL
Soccer
Sports Teams
WWE
NCAA
Football
Premier League
Basketball
Baseball
Hockey
Golf
Tennis
Cricket
Rugby
Auto Racing
Olympics
World Cup
Random Quiz
Search Sporcle
×
Quiz Lab
Quiz Lab
Sports
MLB
Type in answers that appear in a list
Type in answers that appear in a list
Classic
Best Score? Go Orange.
MLB Opening Day Lineups 2016 Stats
Can you name the MLB Opening Day Lineups 2016?
By
baseballaidan325
18m
270 Questions
458 Plays
458 Plays
458 Plays
Comments
Comments
Give Quiz Kudos
Give Quiz Kudos
-
- Ratings
hide this ad
More Info
Replay
Link that replays current quiz
Next Quiz
Link to next quiz in quiz playlist
You Got
0%
They Got
Avg Score
66%
Avg Friend Score
Upgrade to see
Score Distribution
Jump to the score distribution portion of the page
Score
0/270
Timer
18:00
0
Plays Today
Team
Player
% Correct
Los Angeles Angels
Mike Trout
96.9%
Los Angeles Angels
Albert Pujols
93.4%
San Francisco Giants
Brandon Belt
91.9%
Baltimore Orioles
Chris Davis
90.6%
Oakland Athletics
Khris Davis
90.6%
Cleveland Indians
Rajai Davis
90.4%
Seattle Mariners
Robinson Cano
90%
Kansas City Royals
Salvador Perez
89.7%
Toronto Blue Jays
Russell Martin
89.7%
Los Angeles Angels
Carlos Perez
89.5%
Seattle Mariners
Leonys Martin
89.5%
Houston Astros
Jose Altuve
88.9%
Chicago White Sox
Melky Cabrera
88.6%
Detroit Tigers
Miguel Cabrera
88.6%
New York Mets
Asdrubal Cabrera
88.4%
Seattle Mariners
Nelson Cruz
88%
Texas Rangers
Adrian Beltre
87.6%
Kansas City Royals
Alex Gordon
87.1%
Miami Marlins
Dee Gordon
87.1%
Seattle Mariners
Kyle Seager
86.7%
Los Angeles Dodgers
Corey Seager
86.7%
Toronto Blue Jays
Josh Donaldson
86.2%
Los Angeles Angels
Yunel Escobar
86%
Kansas City Royals
Alcides Escobar
86%
Minnesota Twins
Eduardo Escobar
85.8%
Kansas City Royals
Lorenzo Cain
85.6%
Kansas City Royals
Eric Hosmer
85.4%
Colorado Rockies
Carlos Gonzalez
85.4%
Baltimore Orioles
Adam Jones
85.4%
Los Angeles Dodgers
Adrian Gonzalez
85.4%
Boston Red Sox
David Ortiz
85.4%
Toronto Blue Jays
Jose Bautista
85.2%
Houston Astros
Marwin Gonzalez
85.2%
Houston Astros
Carlos Correa
84.9%
Washington Nationals
Bryce Harper
84.7%
Houston Astros
Jason Castro
84.5%
New York Yankees
Starlin Castro
84.5%
Boston Red Sox
Hanley Ramirez
84.5%
Chicago Cubs
Kris Bryant
84.3%
San Diego Padres
Alexei Ramirez
84.3%
Detroit Tigers
J.D. Martinez
84.1%
Miami Marlins
Giancarlo Stanton
84.1%
New York Yankees
Alex Rodriguez
83.8%
Chicago Cubs
Anthony Rizzo
83.6%
Tampa Bay Rays
Evan Longoria
83.6%
Kansas City Royals
Mike Moustakas
83.4%
Toronto Blue Jays
Edwin Encarnacion
83.4%
Baltimore Orioles
Manny Machado
83.2%
Boston Red Sox
Dustin Pedroia
83.2%
New York Yankees
Brian McCann
83%
Pittsburgh Pirates
Starling Marte
82.8%
Seattle Mariners
Ketel Marte
82.5%
Detroit Tigers
Ian Kinsler
82.5%
Detroit Tigers
James McCann
82.5%
New York Mets
David Wright
82.1%
Chicago White Sox
Jose Abreu
82.1%
Minnesota Twins
Joe Mauer
81.9%
Toronto Blue Jays
Troy Tulowitzki
81.2%
Cincinatti Reds
Joey Votto
81.2%
New York Yankees
Jacoby Ellsbury
81.2%
St. Louis Cardinals
Matt Carpenter
81%
Pittsburgh Pirates
Andrew McCutchen
81%
Los Angeles Angels
Andrelton Simmons
80.6%
Chicago Cubs
Jason Heyward
80.6%
Cincinatti Reds
Billy Hamilton
80.6%
Washington Nationals
Ryan Zimmerman
80.6%
Arizona Diamondbacks
Paul Goldschmidt
80.1%
Philadelphia Phillies
Ryan Howard
80.1%
Boston Red Sox
Mookie Betts
80.1%
New York Mets
Yoenis Cespedes
79.9%
St. Louis Cardinals
Yadier Molina
79.7%
Chicago White Sox
Todd Frazier
79.7%
New York Yankees
Mark Teixeira
79.5%
Chicago Cubs
Ben Zobrist
79.3%
Seattle Mariners
Adam Lind
79.3%
Texas Rangers
Elvis Andrus
79.3%
Houston Astros
George Springer
79.3%
New York Yankees
Carlos Beltran
79.3%
Cleveland Indians
Jason Kipnis
79%
Texas Rangers
Prince Fielder
78.8%
San Francisco Giants
Buster Posey
78.4%
Atlanta Braves
Freddie Freeman
78.4%
Chicago Cubs
Dexter Fowler
78.2%
Detroit Tigers
Justin Upton
78.2%
Los Angeles Angels
Kole Calhoun
77.9%
Minnesota Twins
Brian Dozier
77.9%
Milwaukee Brewers
Ryan Braun
77.5%
Cincinatti Reds
Brandon Phillips
77.5%
Kansas City Royals
Kendrys Morales
77.3%
Washington Nationals
Daniel Murphy
77.3%
Team
Player
% Correct
Milwaukee Brewers
Domingo Santana
77.1%
Cleveland Indians
Carlos Santana
77.1%
Baltimore Orioles
Matt Wieters
76.9%
Boston Red Sox
Xander Bogaerts
76.6%
Washington Nationals
Max Scherzer
76.2%
Oakland Athletics
Josh Reddick
76.2%
New York Mets
Lucas Duda
76%
Colorado Rockies
Nolan Arenado
75.5%
New York Mets
Curtis Granderson
75.1%
Cincinatti Reds
Jay Bruce
75.1%
St. Louis Cardinals
Matt Holliday
74.9%
St. Louis Cardinals
Adam Wainwright
74.9%
San Francisco Giants
Brandon Crawford
74.9%
Los Angeles Dodgers
Carl Crawford
74.9%
New York Mets
Neil Walker
74.7%
Houston Astros
Carlos Gomez
74.7%
Texas Rangers
Mitch Moreland
74.5%
Chicago Cubs
Addison Russell
74%
Toronto Blue Jays
Kevin Pillar
73.8%
Detroit Tigers
Justin Verlander
73.6%
Chicago Cubs
Kyle Schwarber
73.4%
Baltimore Orioles
J.J. Hardy
73.4%
Los Angeles Dodgers
Chase Utley
73.1%
New York Yankees
Chase Headley
72.7%
Cleveland Indians
Francisco Lindor
72.7%
San Francisco Giants
Madison Bumgarner
72.5%
Los Angeles Dodgers
Clayton Kershaw
72.5%
San Francisco Giants
Hunter Pence
72.3%
Texas Rangers
Rougned Odor
72.3%
Minnesota Twins
Miguel Sano
72.1%
Texas Rangers
Shin-Soo Choo
72.1%
Chicago Cubs
Miguel Montero
71.8%
Milwaukee Brewers
Jonathan Lucroy
71.6%
Washington Nationals
Anthony Rendon
71.6%
San Diego Padres
Matt Kemp
71.4%
New York Yankees
Didi Gregorius
71.4%
Los Angeles Dodgers
Yasiel Puig
70.5%
Texas Rangers
Ian Desmond
70.3%
Miami Marlins
Justin Bour
70.3%
Washington Nationals
Jayson Werth
70.1%
Houston Astros
Colby Rasmus
70.1%
Miami Marlins
Christian Yelich
70.1%
New York Mets
Travis d'Arnaud
69.9%
Milwaukee Brewers
Chris Carter
69.9%
Baltimore Orioles
Mark Trumbo
69.9%
San Francisco Giants
Denard Span
69.4%
Philadelphia Phillies
Carlos Ruiz
69.4%
St. Louis Cardinals
Kolten Wong
69.2%
Colorado Rockies
Trevor Story
68.3%
Philadelphia Phillies
Maikel Franco
68.3%
Washington Nationals
Wilson Ramos
68.3%
Chicago White Sox
Jimmy Rollins
67.9%
Pittsburgh Pirates
Gregory Polanco
67.5%
Chicago White Sox
Adam Eaton
67.5%
Cleveland Indians
Mike Napoli
67%
Cleveland Indians
Yan Gomes
66.8%
Minnesota Twins
Kurt Suzuki
66.6%
Arizona Diamondbacks
Zack Greinke
66.2%
San Francisco Giants
Joe Panik
66.2%
Los Angeles Dodgers
Justin Turner
65.9%
Atlanta Braves
Nick Markakis
65.7%
Oakland Athletics
Stephen Vogt
65.7%
Colorado Rockies
Charlie Blackmon
65.3%
Chicago White Sox
Austin Jackson
65.1%
Miami Marlins
Marcell Ozuna
65.1%
Pittsburgh Pirates
Francisco Liriano
64.6%
Arizona Diamondbacks
Jean Segura
64.4%
Arizona Diamondbacks
David Peralta
64.4%
Milwaukee Brewers
Willy Peralta
64.4%
Atlanta Braves
Erick Aybar
64.2%
Los Angeles Angels
C.J. Cron
63.3%
Baltimore Orioles
Pedro Alvarez
63.3%
Los Angeles Dodgers
Joc Pederson
63.1%
Minnesota Twins
Plouffe
62.9%
Baltimore Orioles
Jonathan Schoop
62.9%
Oakland Athletics
Billy Butler
62.7%
Pittsburgh Pirates
David Freese
62.4%
Cincinatti Reds
Raisel Iglesias
62.4%
Detroit Tigers
Jose Iglesias
62.4%
Pittsburgh Pirates
Francisco Cervelli
62.2%
Philadelphia Phillies
Odubel Herrera
62%
Chicago White Sox
Brett Lawrie
61.8%
Washington Nationals
Ben Revere
61.6%
Chicago Cubs
Jorge Soler
61.4%
Philadelphia Phillies
Cesar Hernandez
61.4%
San Diego Padres
Tyson Ross
61.4%
Pittsburgh Pirates
Josh Harrison
61.1%
San Francisco Giants
Angel Pagan
60.9%
Minnesota Twins
Byron Buxton
60.9%
Oakland Athletics
Marcus Semien
60.5%
Team
Player
% Correct
Detroit Tigers
Nick Castellanos
60.5%
Cincinatti Reds
Zach Cozart
60%
Kansas City Royals
Omar Infante
59.8%
Chicago White Sox
Avisail Garcia
59.6%
Atlanta Braves
Adonis Garcia
59.4%
Houston Astros
Luis Valbuena
59.4%
Pittsburgh Pirates
John Jaso
59.2%
Atlanta Braves
Julio Teheran
59.2%
Los Angeles Dodgers
A.J. Ellis
59.2%
Oakland Athletics
Jed Lowrie
59.2%
Tampa Bay Rays
Kevin Kiermaier
58.7%
Oakland Athletics
Billy Burns
58.7%
Atlanta Braves
A.J. Pierzynski
58.5%
Texas Rangers
Delino DeShields
58.3%
San Diego Padres
Wil Myers
58.3%
Arizona Diamondbacks
Wellington Castillo
57%
Cincinatti Reds
Devin Mesoraco
57%
St. Louis Cardinals
Randall Grichuk
56.8%
St. Louis Cardinals
Stephen Piscotty
56.3%
Boston Red Sox
Travis Shaw
56.3%
Tampa Bay Rays
Logan Morrison
55.9%
Washington Nationals
Danny Espinosa
55.9%
Tampa Bay Rays
Brad Miller
55%
Seattle Mariners
Chris Iannetta
55%
New York Mets
Michael Conforto
54.8%
San Diego Padres
Derek Norris
54.6%
Seattle Mariners
Norichika Aoki
54.1%
New York Yankees
Aaron Hicks
53.9%
Colorado Rockies
D.J. LeMahieu
53.7%
Tampa Bay Rays
Logan Forsythe
53.5%
Miami Marlins
Martin Prado
53.5%
New York Mets
Juan Lagares
52.8%
San Francisco Giants
Matt Duffy
52.8%
Toronto Blue Jays
Christ Colabello
50.9%
Milwaukee Brewers
Aaron Hill
50.9%
Boston Red Sox
Brock Holt
50.7%
San Diego Padres
Jon Jay
50.4%
Boston Red Sox
Blake Swihart
50.4%
Miami Marlins
Adeiny Hechavarria
50.2%
Toronto Blue Jays
Ryan Goins
50%
Tampa Bay Rays
Desmond Jennings
49.8%
Tampa Bay Rays
Corey Dickerson
49.6%
Pittsburgh Pirates
Jordy Mercer
49.6%
Los Angeles Angels
Daniel Nava
49.3%
Colorado Rockies
Jorge De La Rosa
49.1%
Toronto Blue Jays
Michael Saunders
48.9%
Miami Marlins
J.T. Realmuto
48.5%
Cincinatti Reds
Eugenio Suarez
48%
Colorado Rockies
Mark Reynolds
47.6%
Philadelphia Phillies
Freddy Galvis
47.6%
Milwaukee Brewers
Scooter Gennett
47.4%
St. Louis Cardinals
Jedd Gyorko
47.2%
Colorado Rockies
Gerardo Parra
46.9%
Minnesota Twins
Byung Ho Park
46.7%
Texas Rangers
Robinson Chirinos
46.7%
Miami Marlins
Wei-Yin Chen
46.7%
Atlanta Braves
Ender Inciarte
45.9%
Philadelphia Phillies
Jeremy Hellickson
45.6%
Cleveland Indians
Juan Uribe
45%
Arizona Diamondbacks
Jake Lamb
44.8%
Minnesota Twins
Eddie Rosario
44.5%
Detroit Tigers
Anthony Gose
44.5%
Oakland Athletics
Danny Valencia
42.8%
Arizona Diamondbacks
Yasmany Tomas
42.6%
Colorado Rockies
Nick Hundley
42.4%
Arizona Diamondbacks
Nick Ahmed
41.3%
Atlanta Braves
Jace Peterson
41.3%
Los Angeles Angels
Johnny Giavotella
40.2%
Milwaukee Brewers
Jonathan Villar
38.9%
Chicago White Sox
Dioner Navarro
38.6%
Cleveland Indians
Marlon Byrd
37.8%
Arizona Diamondbacks
Chris Owings
36.2%
Seattle Mariners
Franklin Gutierrez
36.2%
San Diego Padres
Yangervis Solarte
35.4%
Tampa Bay Rays
Hank Conger
34.9%
Oakland Athletics
Mark Canha
34.9%
St. Louis Cardinals
Tommy Pham
33.8%
Philadelphia Phillies
Peter Bourjos
33.2%
Baltimore Orioles
Joey Rickard
31.4%
Boston Red Sox
Jackie Bradley Jr.
30.3%
Cincinatti Reds
Adam Duvall
28.2%
Philadelphia Phillies
Cedric Hunter
27.7%
San Diego Padres
Cory Spangenberg
26.9%
Houston Astros
Preston Tucker
26%
Tampa Bay Rays
Steven Souza Jr.
23.8%
Atlanta Braves
Hector Olivera
23.6%
Milwaukee Brewers
Keon Broxton
22.3%
Kansas City Royals
Reymond Fuentes
21%
San Diego Padres
Melvin Upton Jr.
20.3%
Cleveland Indians
Collin Cowgill
16.4%
Quiz Playlist
Details
Report
Send in Message
Add To Playlist
More Info:
Name the players in the starting lineups for each MLB team's opening day game.
Classic:
Type in answers that appear in a list
Last Updated: Feb 16, 2017
Quiz Scoreboard
CHALLENGE
Sign Up to Join the Scoreboard
Show All
Scores
Hide
Comments
May contain spoilers
Recently Published
College Basketball Coaching Resumes
by pancakes188
Sports
9m
Billboard Blitz: Fleetwood Mac
by CooCooCachoo
Music
15s
Presidents Visiting Landmarks
by Hejman
History
7m
More to Explore
Quiz From the Vault
Featured Blog Post
Where Did the Easter Bunny Come From?
hide this ad
You Might Also Like...
Tags
Baseball Quiz
MLB Quiz
2016
Player
team
Today's Top Quizzes in Sports
Browse Sports
hide this ad
Today's Top Quizzes in MLB
Browse MLB
Top Contributed Quizzes in Sports
1
Les meilleurs buteurs des matchs entre le PSG et l’OM
2
2022 World Cup Stars
3
FIFA Club World Cup Champions
4
Les entraîneurs de l'OM et du PSG au 21e siècle
5
Criteria MLB: Left Handed Sluggers
6
AFC Teams Reveal (Wrong Answers Minefield)
7
5-to-1: UK Sports Teams
8
Name the Premier League winners with different clubs
9
5-to-1: FBS Animal Nicknames
10
Players with Multiple 50 Home Run Seasons
Explore More
Trending Topics
NBA
Crossword
Disney
Kpop
Anime
Harry Potter
Marvel
Soccer
Song
NFL
The Office
Country
Pokémon
Puzzle
WWE
hide this ad
More By:
baseballaidan325
Quiz
Plays
Rating
Category
Featured
Created
MLB Opening Day Lineups 2016
458
2.75
Sports
Apr 21, 2016
Harry Potter Chapters Hard
62
4.00
Literature
Oct 17, 2016
Go to Creator's Profile
Score Distribution
Quiz Creator Spotlight
baseballaidan325
Follow
Send a Message
Quizzes Created
-
Created Quiz Play Count
-
More By This Creator
Popular Quizzes Today
1
Find the US States - No Outlines Minefield
2
Find the Countries of Europe - No Outlines Minefield
3
The Countries of the World
4
Find the US States
5
Risky Map Clicking: Biggest States A-Z
6
US States
7
Popular People in 1961
8
Movies - When Are They Set?
More Sports Quizzes
FC Bayern Munich's Number 7's
Quiz Lab
Trending Quizzes
Risky Map Clicking: Least Populous States A-Z
1-10 Letter G Words
1-10 Letter F Words
Risky Map Clicking: Next State Alphabetically
Click the Washington State Counties! (Map)
Recently Updated
Leaping Animals
pecheneg
Reality TV Shows (A-Z)
bhenderson79
Rickey Henderson's Hall of Fame Teammates
pecheneg
Champions League XIs: Arsenal
pecheneg
Quick Pick: Celebrities in WWE's Hall of Fame
aduchscher
A-Z Keypad Blitz II
pecheneg
Multiple Oscar Actors
pecheneg
Mystery Phrase Blitz: Oscar 'Best Actors'
pecheneg
F. Scott Fitzgerald Novels
LTH
Pick 3 Villains
ddd62291
Trending Topics
Crossword
Harry Potter
Disney
Anime
NBA
Marvel
Kpop
Soccer
Song
Country
The Office
Puzzle
Pokémon
NFL
WWE
Your Account Isn't Verified!
In order to create a playlist on Sporcle, you need to verify the email address you used during registration. Go to your
Sporcle Settings
to finish the process.
Report this User
Report this user for behavior that violates our
Community Guidelines
.
Details:
Send Report
Go to the Sporcle.com Mobile Site →
Comments